UBT Library

Advanced cardiovascular (Record no. 46819)

000 -LEADER
fixed length control field 00296nam a22001217a 4500
008 - FIXED-LENGTH DATA ELEMENTS--GENERAL INFORMATION
fixed length control field 180806b xxu||||| |||| 00| 0 eng d
082 ## - DEWEY DECIMAL CLASSIFICATION NUMBER
Classification number 813.52
245 ## - TITLE STATEMENT
Title Advanced cardiovascular
Statement of responsibility, etc AMERICAN HEART ASSOCIATION
260 ## - PUBLICATION, DISTRIBUTION, ETC. (IMPRINT)
Date of publication, distribution, etc 2006
300 ## - PHYSICAL DESCRIPTION
Extent 1
Type of unit cd
440 ## - SERIES STATEMENT/ADDED ENTRY--TITLE
International Standard Serial Number 9780874938586
942 ## - ADDED ENTRY ELEMENTS (KOHA)
Source of classification or shelving scheme
Item type Mixed Materials
Holdings
Withdrawn status Lost status Source of classification or shelving scheme Damaged status Not for loan Collection code Permanent location Current location Shelving location Date acquired Total Checkouts Full call number Barcode Date last seen Price effective from Koha item type
          Koleksioni i përgjithshem UBT - Lipjan UBT - Lipjan Koleksioni i përgjithshem 08/06/2018   813.52 AME 002-3009829 08/06/2018 08/06/2018 Mixed Materials
UBT Library © 2015-2024. All rights reserved University Education for Business and Technology